000 01408nam0a2200325 4500
001 RU\NLR\BIBL_A\022373729
005 20241106120750.0
010 _a978-5-7934-1211-7
_91000
021 _aRU
_bКН-П-24-048171
_9КН-П-24-4791
035 _a(NLR Aleph) 022373729
090 _a13269155
_c13269155
100 _a20241106d2024 a y0rusy50 ca
101 0 _akom
102 _aRU
105 _aa z 000 y
181 0 _ai
_baxxe
182 0 _an
200 1 _aУдора - потанӧй
_eудораса поэтъяслӧн кывбуръяс
_fлӧсьӧдiс С. Ю. Говорухина
203 _aТекст
_bвизуальный
_cнепосредственный
210 _aСыктывкар
_cКоми республиканская тип.
_d2024
215 _a62,[2] с.
_cцв. ил.
_d20
327 1 _aИз содерж.: Авт.: Евгения Абибулаева, Светлана Говорухина, Пётр Бушенев, Анастасия Бушенева, Антонина Гордеева и др.
333 _a14+
541 1 _aУдора - колыбель моя
_e[стихи удорских поэтов]
_zrus
686 1 _aШ6(2=Ко)7-5
702 1 _aГоворухина
_bС. Ю.
_f1959-
_gСветлана Ювинальевна
_4220
852 _aNLR
_bОНЛ
_jКоми-з./2-1996
942 _cBOOK
980 _aNB